000 00788nam a2200217 i 4500
001 165668
003 ES-MaACL
005 20250815062649.0
008 991019q1895 sp |||| | spa d
080 _a343.8
100 1 _aSpencer, Herbert,
_d1820-1903
_9107684
245 1 0 _aÉtica de las prisiones /
_cpor H. Spencer ; traducción de Miguel de Unamuno.
260 _aMadrid :
_bLa España Moderna,
_c[1895] (
_fImp. de San Francisco de Sales)
300 _a510 p. ;
_c23 cm.
490 1 _aBiblioteca de jurisprudencia, filosofía e historia
650 7 _aDerecho penitenciario
_2embne
_9188563
700 1 _aUnamuno, Miguel de,
_d1864-1936
_9111982
830 1 0 _aBiblioteca de jurisprudencia, filosofía e historia
_9180691
852 _aES-MaACL
_jF-14975
999 _c165668
_d165668